[Event "Foment Martinenc op-C 21st"]
[Site "Barcelona"]
[Date "2019.06.15"]
[Round "8"]
[White "Martimpe Burgues, Xavier"]
[Black "Catala Pou, Ramon"]
[Result "1/2-1/2"]
[WhiteElo "1441"]
[BlackElo "1630"]
[PlyCount "114"]
[EventDate "2019.04.27"]
[EventType "swiss"]
[EventRounds "9"]
[EventCountry "ESP"]
[SourceTitle "EXT 2020"]
[Source "ChessBase"]
[SourceDate "2019.10.17"]
[SourceVersion "1"]
[SourceVersionDate "2019.10.17"]
[SourceQuality "1"]

1. e4 d5 2. e5 c5 3. d4 Bf5 4. dxc5 e6 5. Be3 Bxc5 6. Bb5+ Nc6 7. Bxc6+ bxc6 8. Bxc5 Qa5+ 9. Nc3 Qxc5 10. Nf3 Ne7 11. 0-0 0-0 12. Rc1 Rfd8 13. Na4 Qb5 14. b3 c5 15. Nb2 Rac8 16. a4 Qb6 17. Nh4 Bg6 18. Nxg6 Nxg6 19. Nd3 c4 20. Ne1 Nxe5 21. Qh5 f5 22. Nf3 Nxf3+ 23. Qxf3 d4 24. Rfd1 Rc7 25. Rb1 Qb4 26. c3 Qb6 27. bxc4 Qa6 28. Rxd4 Rxd4 29. cxd4 Rxc4 30. Rb8+ Kf7 31. h3 Rc1+ 32. Kh2 Qd6+ 33. Qg3 Qxg3+ 34. Kxg3 Rc7 35. f4 Rd7 36. Rb4 a5 37. Rb5 Rxd4 38. Rxa5 Kf6 39. Ra8 Rd3+ 40. Kf2 Ra3 41. a5 Ra4 42. g3 h6 43. a6 e5 44. fxe5+ Kxe5 45. a7 Kd6 46. Rf8 Rxa7 47. Rxf5 Ra4 48. Kf3 Ke6 49. Rf8 Ra3+ 50. Kg2 Ke5 51. h4 g5 52. Rh8 gxh4 53. gxh4 Kf4 54. Rxh6 Kg4 55. Rh8 Ra2+ 56. Kf1 Kh3 57. Re8 Kxh4 1/2-1/2

[Event "Foment Martinenc op-C 21st"]
[Site "Barcelona"]
[Date "2019.05.04"]
[Round "2"]
[White "Catala Pou, Ramon"]
[Black "Garreta Quinquilla, Aleix"]
[Result "1-0"]
[WhiteElo "1630"]
[BlackElo "1454"]
[PlyCount "49"]
[EventDate "2019.04.27"]
[EventType "swiss"]
[EventRounds "9"]
[EventCountry "ESP"]
[SourceTitle "EXT 2020"]
[Source "ChessBase"]
[SourceDate "2019.10.17"]
[SourceVersion "1"]
[SourceVersionDate "2019.10.17"]
[SourceQuality "1"]

1. d4 d5 2. Nf3 Nf6 3. g3 Nc6 4. Bg2 e6 5. 0-0 Bd6 6. c4 b6 7. Nc3 Bb7 8. a3 Ne7 9. Re1 dxc4 10. e4 Nxe4 11. Nxe4 Nf5 12. Qa4+ c6 13. Qxc4 c5 14. dxc5 bxc5 15. Rd1 Bxe4 16. Qxe4 Rb8 17. Ne5 Rb3 18. Qa4+ Kf8 19. Qxb3 Qc7 20. Nf3 c4 21. Qc3 Qb6 22. Qxc4 Bc5 23. Qe2 Ne3 24. Ne5 Nxd1 25. Nd7+ 1-0

[Event "Foment Martinenc op-C 20th"]
[Site "Barcelona"]
[Date "2018.06.09"]
[Round "8"]
[White "Catala Pou, Ramon"]
[Black "Padin Jimenez, Oriol"]
[Result "0-1"]
[WhiteElo "1646"]
[BlackElo "1730"]
[PlyCount "66"]
[EventDate "2018.04.21"]
[EventType "swiss"]
[EventRounds "9"]
[EventCountry "ESP"]
[SourceTitle "CBM 184 Extra"]
[Source "ChessBase"]
[SourceDate "2018.06.28"]
[SourceVersion "1"]
[SourceVersionDate "2018.06.28"]
[SourceQuality "1"]

1. d4 d5 2. Nf3 Bf5 3. c4 c6 4. g3 Nf6 5. Bg2 e6 6. 0-0 Bd6 7. cxd5 cxd5 8. Nc3 Nc6 9. Nh4 Bg4 10. Qe1 Nxd4 11. Qd2 Nc6 12. e4 dxe4 13. Nxe4 Nxe4 14. Bxe4 Be7 15. Qc2 Rc8 16. Bd2 Bxh4 17. gxh4 Qxh4 18. Kh1 0-0 19. Rg1 Ne5 20. Qb3 Qxf2 21. Raf1 Qxd2 22. Qg3 Qxb2 23. Rf2 Qc3 24. Qh4 Qh3 25. Bxh7+ Kh8 26. Qxh3 Bxh3 27. Be4 b6 28. Rf4 Bg4 29. Rfxg4 Nxg4 30. Rxg4 f5 31. Rh4+ Kg8 32. Bd3 Rcd8 33. Bc4 Kf7 0-1

[Event "Foment Martinenc op-C 20th"]
[Site "Barcelona"]
[Date "2018.04.21"]
[Round "1"]
[White "Martinez Aguero, Francisco"]
[Black "Catala Pou, Ramon"]
[Result "1-0"]
[WhiteElo "1769"]
[BlackElo "1646"]
[PlyCount "53"]
[EventDate "2018.04.21"]
[EventType "swiss"]
[EventRounds "9"]
[EventCountry "ESP"]
[SourceTitle "CBM 184 Extra"]
[Source "ChessBase"]
[SourceDate "2018.06.28"]
[SourceVersion "1"]
[SourceVersionDate "2018.06.28"]
[SourceQuality "1"]

1. d4 Nf6 2. Nf3 c6 3. Bf4 d5 4. e3 Bf5 5. c3 e6 6. Be2 Be7 7. Nbd2 0-0 8. Ne5 Nbd7 9. Ndf3 h6 10. Bd3 Bh7 11. Bxh7+ Nxh7 12. h3 c5 13. 0-0 c4 14. Bh2 Nxe5 15. Nxe5 Nf6 16. Rb1 a5 17. b3 Ne4 18. Qc2 Qc8 19. f3 cxb3 20. Rxb3 Bb4 21. fxe4 dxe4 22. a3 Be7 23. Qxe4 Rb8 24. Rfb1 b5 25. Nc6 Rb7 26. Rxb5 Rc7 27. Bxc7 1-0

[Event "Foment Martinenc op-C 19st"]
[Site "Barcelona"]
[Date "2017.06.17"]
[Round "9.27"]
[White "De Santiago Gordo, Abel"]
[Black "Catala Pou, Ramon"]
[Result "1-0"]
[WhiteElo "1824"]
[BlackElo "1609"]
[PlyCount "77"]
[EventDate "2017.04.22"]
[EventType "swiss"]
[EventRounds "9"]
[EventCountry "ESP"]
[SourceTitle "EXT 2024"]
[Source "ChessBase"]
[SourceDate "2023.10.10"]
[SourceVersion "1"]
[SourceVersionDate "2023.10.10"]
[SourceQuality "1"]

1. d4 Nf6 2. Nf3 g6 3. Bf4 Bg7 4. e3 d6 5. Be2 0-0 6. 0-0 c5 7. c3 b6 8. Nbd2 Bb7 9. Rb1 Nc6 10. a3 a5 11. Qb3 Ba6 12. Bxa6 Rxa6 13. Nc4 Qd7 14. Qb5 Nb8 15. Qxd7 Nbxd7 16. Rfd1 b5 17. Ncd2 Nd5 18. Bg3 a4 19. Ne4 cxd4 20. Nxd4 Nc7 21. Nc2 Nf6 22. Nxf6+ Bxf6 23. Nb4 Rb6 24. Nd5 Nxd5 25. Rxd5 e5 26. Rbd1 Rd8 27. Bxe5 Bxe5 28. Rxe5 Kg7 29. Red5 f5 30. R1d4 h5 31. Rb4 Kf6 32. Rdxb5 Rxb5 33. Rxb5 d5 34. Rb6+ Ke5 35. Rb4 d4 36. Rxd4 Rxd4 37. exd4+ Ke4 38. f3+ Kd3 39. d5 1-0

[Event "Foment Martinenc op-C 19st"]
[Site "Barcelona"]
[Date "2017.04.29"]
[Round "2.31"]
[White "Ruiz Soria, Adria"]
[Black "Catala Pou, Ramon"]
[Result "1-0"]
[WhiteElo "1748"]
[BlackElo "1609"]
[PlyCount "73"]
[EventDate "2017.04.22"]
[EventType "swiss"]
[EventRounds "9"]
[EventCountry "ESP"]
[SourceTitle "EXT 2024"]
[Source "ChessBase"]
[SourceDate "2023.10.10"]
[SourceVersion "1"]
[SourceVersionDate "2023.10.10"]
[SourceQuality "1"]

1. d4 Nf6 2. c4 g6 3. Nc3 Bg7 4. e4 d6 5. Bg5 Nbd7 6. Nf3 0-0 7. Qd2 e5 8. d5 Nc5 9. Qc2 h6 10. Be3 b6 11. b4 Ncd7 12. h3 Bb7 13. Qd2 Rc8 14. Bxh6 c5 15. b5 Nh7 16. h4 Ndf6 17. Be2 Ng4 18. Bxg7 Kxg7 19. h5 Qf6 20. h6+ Kh8 21. Rh4 Nxf2 22. Kxf2 g5 23. Rg4 Qxh6 24. Nxg5 f5 25. Nf7+ Rxf7 26. Qxh6 fxg4+ 27. Ke3 Rcf8 28. Bxg4 Bc8 29. Bxc8 Rxc8 30. Qxd6 Re8 31. Rh1 Rg7 32. Ne2 Kg8 33. Rh3 Ng5 34. Rg3 Nf7 35. Qd7 Rc8 36. Qxa7 Rf8 37. Qxb6 1-0

[Event "Foment Martinenc op-C 18th"]
[Site "Barcelona"]
[Date "2016.05.21"]
[Round "5"]
[White "Catala Pou, Ramon"]
[Black "Andreu Ferro, Biel"]
[Result "1-0"]
[WhiteElo "1656"]
[BlackElo "1528"]
[PlyCount "113"]
[EventDate "2016.04.23"]
[EventType "swiss"]
[EventRounds "9"]
[EventCountry "ESP"]
[SourceTitle "EXT 2017"]
[Source "ChessBase"]
[SourceDate "2016.10.25"]
[SourceVersion "1"]
[SourceVersionDate "2016.10.25"]
[SourceQuality "1"]

1. c4 Nf6 2. g3 e5 3. Bg2 Bc5 4. Nc3 Ng4 5. e3 d6 6. Nge2 Nc6 7. 0-0 h5 8. f3 Nh6 9. Nd5 0-0 10. a3 a6 11. Qc2 Bf5 12. Qd1 Qd7 13. d4 exd4 14. exd4 Bc2 15. Qxc2 Nxd4 16. Nxd4 Bxd4+ 17. Kh1 Nf5 18. Qe4 Rfe8 19. Qf4 Be5 20. Qg5 f6 21. Qxh5 Bxg3 22. Nxf6+ gxf6 23. Qg6+ Qg7 24. Qxf5 Qh8 25. Qg4+ Qg7 26. Qxg7+ Kxg7 27. hxg3 b5 28. cxb5 axb5 29. Bd2 c5 30. Rae1 Rxe1 31. Rxe1 b4 32. axb4 cxb4 33. Bxb4 Ra6 34. Re6 Kf7 35. Rxd6 Rxd6 36. Bxd6 Ke6 37. Bc7 f5 38. b4 Kd7 39. Bf4 Kc6 40. Bh3 Kb5 41. Bxf5 Kxb4 42. g4 Kc4 43. g5 Kd5 44. g6 Kc6 45. g7 Kc5 46. g8Q Kc6 47. Qg6+ Kd5 48. Qe6+ Kd4 49. Qe5+ Kc4 50. Be6+ Kd3 51. Qe4+ Kc3 52. Be5+ Kd2 53. Bc4 Kd1 54. Qe2+ Kc1 55. Bf4+ Kb1 56. Bd3+ Ka1 57. Be5# 1-0

[Event "Foment Martinenc op-C 18th"]
[Site "Barcelona"]
[Date "2016.04.23"]
[Round "1"]
[White "Martinez Lopez, Ramon"]
[Black "Catala Pou, Ramon"]
[Result "1-0"]
[WhiteElo "1765"]
[BlackElo "1656"]
[PlyCount "33"]
[EventDate "2016.04.23"]
[EventType "swiss"]
[EventRounds "9"]
[EventCountry "ESP"]
[SourceTitle "EXT 2017"]
[Source "ChessBase"]
[SourceDate "2016.10.25"]
[SourceVersion "1"]
[SourceVersionDate "2016.10.25"]
[SourceQuality "1"]

1. e4 c5 2. d4 cxd4 3. c3 d5 4. Qxd4 Nf6 5. exd5 Nxd5 6. Bc4 e6 7. Nf3 h6 8. 0-0 Be7 9. Qxg7 Bf6 10. Qg4 Nc6 11. Rd1 Nce7 12. Qh5 Qc7 13. Bxd5 Nxd5 14. Na3 Bg7 15. c4 Nf4 16. Nb5 Qxc4 17. Nd6+ 1-0